| 000 | 004410000a22001690004500 | ||
|---|---|---|---|
| 003 | MACL | ||
| 005 | 20151217142951.0 | ||
| 008 | 151217b xxu||||| |||| 00| 0 eng d | ||
| 040 |
_aMACL _cMACL |
||
| 041 | _aEnglish | ||
| 082 | _a030/THO | ||
| 100 |
_aThomas, H H _920786 |
||
| 245 |
_aThe Popular Encyclopedia of Gardening _bVol 2 |
||
| 260 | _bThe Waverley book company Ltd | ||
| 650 |
_aEncyclopaedia _920787 |
||
| 942 |
_cBK _k030/THO _2ddc |
||
| 999 |
_c39670 _d39670 |
||